Jeden jazyk naše heslo bud' [sborník příspěvků z mezinárodní vdědecké mezioborové konference ...]
| Titel: | Jeden jazyk naše heslo bud' [sborník příspěvků z mezinárodní vdědecké mezioborové konference ...] / J. Vyčichlo |
|---|---|
| Teil: | 4. Český romantismus - jiskřeni a záblesky |
| Beteiligt: | |
| Ausgabe: | 1. vyd. |
| Veröffentlicht: | Radnice : Spolek Divadelních Ochotníkʿu, 2007 |
| Umfang: | 390 Seiten : Illustrationen |
| Format: | Buch |
| Sprache: | Tschechisch |
| Schriftenreihe/ mehrbändiges Werk: |
Jeden jazyk naše heslo bud' [sborník příspěvků z mezinárodní vdědecké mezioborové konference ...] / J. Vyčichlo ; 4 alle Bände anzeigen
|
| RVK-Notation: |
·
|
| ISBN: | 9788086944180 ; 8086944182 |
| Hinweise zum Inhalt: |
Inhaltsverzeichnis
|
alg: 28408159 001A $03004:30-11-11 001B $01999:02-05-24 $t16:30:36.000 001D $03004:30-11-11 001U $0utf8 001X $00 002@ $0Afu 002C $aText $btxt $2rdacontent 002D $aohne Hilfsmittel zu benutzen $bn $2rdamedia 002E $aBand $bnc $2rdacarrier 003@ $0284081590 004A $A978-80-86944-18-0 004A $080-86944-18-2 007A $0284081590 $aHEB 007G $0DE02052A5CE3A5090B5B3C1257B1D0048129F 007T $0Herdhh127193014+14 009P $qapplication/pdf $A2 $3Inhaltsverzeichnis $uhttp://scans.hebis.de/HEBCGI/show.pl?28408159_toc.pdf $mV:DE-603;B:DE-Mb50 010@ $acze 011@ $a2007 013D $RWissenschaftliche Literatur $RAufsatzsammlung $71071861417 $8Konferenzschrift [Ts1] $9359646190 021A $aČeský romantismus - jiskřeni a záblesky 028C $#Vyčichlo, J. $7 $8Vyčichlo, Jaroslav [Tnu] $9181476207 032@ $a1. vyd. 033A $pRadnice $nSpolek Divadelních Ochotníkʿu 034D $a390 Seiten 034M $aIllustrationen 036C $aJeden jazyk naše heslo bud' [sborník příspěvků z mezinárodní vdědecké mezioborové konference ...] $x14 $hJ. Vyčichlo $l4 036D $x14 $8Jeden jazyk naše heslo bud' [sborník příspěvků z mezinárodní vědecké mezioborové konference konané u příležitosti ...] / J. Vyčichlo $9127193014 044K $qDNB $RWestslawische Sprachen $#Tschechische Sprache $74061084-6 $8Tschechisch [Ts1] $9085169617 044K $qDNB $RBuch $RSchriftsteller $#Literature $#Littérature $#Letteratura $#Literatura $#literature $#Literature $#Literatur $#Literatur $#Belletristik $#Dichtung Literatur $#Schöne Literatur $#Sprachkunst $#Wortkunst $74035964-5 $8Literatur [Tsz] $9085097128 044K $qDNB $RBiedermeier $#Romanticism $#Romantisme $#Romanticismo $#Romantik $#Frühromantik $#Spätromantik $74050491-8 $8Romantik [Ts1] $9085140775 045F $a809 $eDDC23BSB 045F/01 $a809 045F/03 $g4371 045G $a370.94371 $eDDC23BSB 045G/01 $a370.9 045G/03 $g4371 045H $a306.09437109034 $eDDC23BSB 045H/01 $a306.09 045H/03 $f09034 045H/03 $g4371 045Z $8KS 3241 [Tkv] $9409318248 045Z $8KS 5896 [Tkv] $9409325856 lok: 28408159 24 101B $015-02-13 $t12:17:47.000 101C $015-02-13 101U $0utf8 145Z/01 $a23 10 E 145Z/02 $a23 15 B 145Z/03 $a23 15 Q exp: 28408159 24 1 #EPN 201B/01 $015-02-13 $t12:17:47.000 201C/01 $030-11-11 201U/01 $0utf8 203@/01 $0634639013 208@/01 $a15-02-13 $bz 209A/01 $a12.04172 $du $f050 $h12 04172 $x00 209C/01 $a12.04172 K $h12 04172 K 209G/01 $a73033160 $x00 220C/01 $akon 247C/01 $8358050-7Marburg, Bibliothek des Herder-Instituts Marburg $9102600961 lok: 28408159 78 exp: 28408159 78 1 #EPN 201B/01 $026-11-17 $t00:32:38.000 201U/01 $0utf8 203@/01 $0792651936 208@/01 $a12-11-16 $be 209A/01 $a/ $f000 $x00 244Z/01 $#Tschechien $#Tschechische Republik $#Tschechische Republik $#Tschechenland $#Tschechei Tschechien $#Česká Republika $#Czech Republic $#ČR $74303381-7 $8--Tg1--Tschechien $x01 $9086659812 244Z/01 $2Trx $#Böhmen $#Bohemia $#Czechy $8--Trx--Čechy $x02 $9391188941 244Z/01 $2Trx $#kirjandus üldine $#literatūra bendras $#literature general $#irodalom, általános $#literatura ogólnie $#literatúra všeobecne $#literatura všeobecně $#życie literackie $8--Trx--Literatur$gallgemein $x03 $9391365320 244Z/01 $2Trx $#romantika $#romantizmas $#Romantic period $#romantika $#romantyzm $#romantizmus $#romantismus $8--Trx--Romantik $x04 $9391355147 244Z/01 $2Trx $#dzieło zbiorowe $8--Trx--Sammelwerk $x05 $9391384597 247C/01 $82080>Marburg/Lahn, Herder-Institut, Forschungsbibliothek, Bibliographieportal $9336309341
| LEADER | 00000cam a2200000 cc4500 | ||
|---|---|---|---|
| 001 | 284081590 | ||
| 003 | DE-603 | ||
| 005 | 20240502163036.0 | ||
| 007 | tu | ||
| 008 | 111130s2007 xx |||| | u10||u|cze c | ||
| 020 | |a 9788086944180 | ||
| 020 | |a 8086944182 | ||
| 035 | |a (DE-599)HEB284081590 | ||
| 040 | |a DE-603 |b ger |c DE-603 |d DE-603 | ||
| 041 | |a cze | ||
| 082 | 0 | 4 | |8 1\u |a 809 |q DE-101 |2 23/BSB |
| 083 | 0 | |8 2\u |a 370.94371 |q DE-101 |2 23/BSB | |
| 083 | 0 | |8 3\u |a 306.09437109034 |q DE-101 |2 23/BSB | |
| 084 | |a KS 3241 |0 (DE-625)84176: |0 (DE-603)409318248 |2 rvk | ||
| 084 | |a KS 5896 |0 (DE-625)84449:11874 |0 (DE-603)409325856 |2 rvk | ||
| 085 | |8 1\u |b 809 | ||
| 085 | |8 1\u |z 2 |s 4371 | ||
| 085 | |8 2\u |b 370.9 | ||
| 085 | |8 2\u |z 2 |s 4371 | ||
| 085 | |8 3\u |b 306.09 | ||
| 085 | |8 3\u |z 1 |s 09034 | ||
| 085 | |8 3\u |z 2 |s 4371 | ||
| 245 | 0 | 0 | |a Jeden jazyk naše heslo bud' [sborník příspěvků z mezinárodní vdědecké mezioborové konference ...] |n 4 |p Český romantismus - jiskřeni a záblesky |c J. Vyčichlo |
| 250 | |a 1. vyd. | ||
| 264 | 1 | |a Radnice |b Spolek Divadelních Ochotníkʿu |c 2007 | |
| 300 | |a 390 Seiten |b Illustrationen | ||
| 336 | |a Text |b txt |2 rdacontent | ||
| 337 | |a ohne Hilfsmittel zu benutzen |b n |2 rdamedia | ||
| 338 | |a Band |b nc |2 rdacarrier | ||
| 650 | 7 | |a Tschechisch |0 (DE-588)4061084-6 |0 (DE-603)085169617 |2 gnd | |
| 650 | 7 | |a Literatur |0 (DE-588)4035964-5 |0 (DE-603)085097128 |2 gnd | |
| 650 | 7 | |a Romantik |0 (DE-588)4050491-8 |0 (DE-603)085140775 |2 gnd | |
| 655 | 7 | |a Konferenzschrift |2 gnd-content |0 (DE-588)1071861417 |0 (DE-603)359646190 | |
| 700 | 1 | |a Vyčichlo, Jaroslav |0 (DE-603)181476207 | |
| 773 | 0 | 8 | |q 14 |w (DE-603)127193014 |
| 856 | 4 | 2 | |m V:DE-603;B:DE-Mb50 |q application/pdf |u http://scans.hebis.de/HEBCGI/show.pl?28408159_toc.pdf |3 Inhaltsverzeichnis |
| 924 | 0 | |9 Mb 50 |a (DE-603)634639013 |b DE-Mb50 |c HES |d c |g 12.04172 | |
| 924 | 0 | |9 2080 |a (DE-603)792651936 |b DE-2080 |c HES |d d |g / | |
alle Bände anzeigen

